[Event "SG Turm Raesfeld/Erle 2 - SK Gescher 1"]
[Site "Verbandsliga 2018/2019"]
[Date "2018.11.03"]
[Round "3.6"]
[White "Grömping, Franz-Josef"]
[Black "Priebs, Ludger"]
[Result "0-1"]
[WhiteElo "1689"]
[BlackElo "1717"]
[PlyCount "102"]
[EventDate "2018.??.??"]
[SourceDate "2018.09.09"]

1. e4 e5 2. Nf3 d6 3. Bc4 Be7 4. d4 exd4 5. O-O Nc6 6. Nxd4 Nf6 7. f3 Bd7 8.
Be3 Ne5 9. Bb3 c5 10. Nf5 Bxf5 11. exf5 Qd7 12. c4 Qxf5 13. Ba4+ Nc6 14. Qb3
Qd7 15. Rd1 Qc7 16. Nc3 O-O 17. Bxc6 bxc6 18. Ne4 Nxe4 19. fxe4 Bf6 20. Qd3
Bxb2 21. Rab1 Be5 22. g3 Rab8 23. Bf4 Bd4+ 24. Be3 Rxb1 25. Rxb1 Bxe3+ 26. Qxe3
Qe7 27. Rd1 Re8 28. g4 Qxe4 29. Qxe4 Rxe4 30. Rxd6 Rxg4+ 31. Kf2 g6 32. Rxc6
Rxc4 33. Ra6 Rc2+ 34. Kg3 c4 35. Rxa7 c3 36. a4 Ra2 37. a5 c2 38. Rc7 Rxa5 39.
Rxc2 Ra4 40. Re2 Kg7 41. Re8 h6 42. Re3 f5 43. Re8 Rg4+ 44. Kf3 Kf6 45. Rf8+
Kg5 46. Rd8 h5 47. Rd6 h4 48. Re6 h3 49. Re8 Rg2 50. Rh8 Rxh2 51. Kg3 Rh1 0-1

[Event "SG Turm Raesfeld/Erle 2 - SK Gescher 1"]
[Site "Verbandsliga 2018/2019"]
[Date "2018.11.03"]
[Round "3.7"]
[White "Stein, Michael"]
[Black "Droste, Laurenz"]
[Result "0-1"]
[WhiteElo "1712"]
[BlackElo "1619"]
[PlyCount "54"]
[EventDate "2018.??.??"]
[SourceDate "2018.09.09"]

1. e4 e6 2. d3 b6 3. Nf3 Bb7 4. g3 Be7 5. Bg2 Nf6 6. O-O d6 7. Re1 Nbd7 8. Nbd2
O-O 9. Nf1 c5 10. e5 dxe5 11. Nxe5 Bxg2 12. Nxd7 Bxf1 13. Nxf6+ Bxf6 14. Rxf1
Qd5 15. Qe2 Rad8 16. a4 Rd7 17. Rd1 Rfd8 18. Ra3 c4 19. h4 b5 20. Rd2 b4 21.
Ra1 c3 22. bxc3 Bxc3 23. Rb1 Qa2 24. Rb3 Bxd2 25. Bxd2 Qxc2 26. Rxb4 Rxd3 27.
Rg4 Qxd2 0-1

[Event "SG Turm Raesfeld/Erle 2 - SK Gescher 1"]
[Site "Verbandsliga 2018/2019"]
[Date "2018.11.03"]
[Round "3.8"]
[White "Terhart, Jürgen"]
[Black "Brands, Julian"]
[Result "1-0"]
[WhiteElo "1737"]
[BlackElo "1699"]
[PlyCount "93"]
[EventDate "2018.??.??"]
[SourceDate "2018.09.09"]

1. d4 Nf6 2. c4 e6 3. Nf3 b6 4. Bg5 Be7 5. Nc3 Bb7 6. e3 O-O 7. Be2 d5 8. O-O
Nbd7 9. Rc1 c5 10. Qa4 Ne4 11. Bf4 g5 12. Nxe4 gxf4 13. Ned2 fxe3 14. fxe3 Bd6
15. Bd3 e5 16. e4 exd4 17. exd5 Ne5 18. Nxe5 Bxe5 19. Nf3 Bd6 20. Rce1 Bc8 21.
Qc2 f5 22. Qd2 Qf6 23. Re2 Bd7 24. Ref2 Rf7 25. Qg5+ Qg6 26. Re2 Raf8 27. Rfe1
Rg7 28. Qxg6 hxg6 29. g3 f4 30. Ne5 Bxe5 31. Rxe5 fxg3 32. hxg3 Rf3 33. Bb1
Rxg3+ 34. Kf2 Rh3 35. Re7 Rxe7 36. Rxe7 Rh2+ 37. Kg3 Rxb2 38. Bxg6 Ba4 39. Rxa7
Rxa2 40. d6 Ra3+ 41. Kf4 Ra1 42. d7 Rf1+ 43. Ke5 Bxd7 44. Rxd7 Rf2 45. Rb7 Rb2
46. Kf6 Rf2+ 47. Bf5 1-0

[Event "SK Dülmen 1 - SC Rochade Emsdetten 2"]
[Site "Verbandsliga 2018/2019"]
[Date "2018.11.03"]
[Round "3.1"]
[White "Delere, Adrian"]
[Black "Eiersbrock, Robin"]
[Result "0-1"]
[WhiteElo "1823"]
[BlackElo "2047"]
[PlyCount "88"]
[EventDate "2018.??.??"]
[SourceDate "2018.09.09"]

1. e4 c5 2. Nf3 g6 3. d4 cxd4 4. Nxd4 Bg7 5. Be3 Nc6 6. c4 d6 7. Nc3 Nf6 8. f3
O-O 9. Be2 a5 10. b3 Nd7 11. O-O Nxd4 12. Bxd4 Nc5 13. Bxg7 Kxg7 14. f4 Bd7 15.
Qd2 Bc6 16. Rad1 Qb6 17. Qd4+ f6 18. Nd5 Bxd5 19. cxd5 Qb4 20. Rfe1 Nxe4 21.
Bf3 Nc3 22. Qxb4 axb4 23. Rxe7+ Rf7 24. Rxf7+ Kxf7 25. Rd4 Nxa2 26. Rc4 Ra3 27.
Rc7+ Ke8 28. Rxb7 Rxb3 29. Kf2 h6 30. Ke2 Rc3 31. Kd2 Rc4 32. f5 gxf5 33. Rb6
Kd7 34. Rc6 Rc5 35. Rb6 Kc7 36. Rc6+ Rxc6 37. dxc6 Nc3 38. Kc2 Ne4 39. Kb3 Nd2+
40. Kxb4 Nxf3 41. gxf3 Kxc6 42. Kc4 d5+ 43. Kd4 Kd6 44. f4 h5 0-1

[Event "SK Dülmen 1 - SC Rochade Emsdetten 2"]
[Site "Verbandsliga 2018/2019"]
[Date "2018.11.03"]
[Round "3.2"]
[White "Grund, Wolfgang"]
[Black "Lücke, Thomas"]
[Result "0-1"]
[WhiteElo "1855"]
[BlackElo "1833"]
[PlyCount "96"]
[EventDate "2018.??.??"]
[SourceDate "2018.09.09"]

1. e4 c6 2. d4 d5 3. e5 Bf5 4. Bd3 Bxd3 5. cxd3 e6 6. Ne2 Qb6 7. O-O Ne7 8. Nd2
Nf5 9. Nb3 Nd7 10. Bd2 Bb4 11. Bc3 Rc8 12. Qd2 Bxc3 13. bxc3 c5 14. Rab1 Qa6
15. Ng3 Ne7 16. f4 g6 17. Rf3 b6 18. Rbf1 h5 19. h4 Rc7 20. R1f2 Qc8 21. Kh2 a6
22. Re3 Kf8 23. Ref3 Ke8 24. Qe2 Nb8 25. dxc5 bxc5 26. d4 c4 27. Nc5 Nd7 28.
Na4 Rb7 29. Nb2 Nb6 30. Nd1 Na4 31. Qc2 Qc6 32. Qc1 Kd7 33. Qa3 Rhb8 34. Ne3
Rb2 35. f5 exf5 36. Rxf5 gxf5 37. Ngxf5 Ng6 38. Rf3 Re2 39. Ng3 Rxe3 40. Rxf7+
Ke8 41. Rf6 Qd7 42. Rxg6 Rxc3 43. Qxc3 Nxc3 44. Rg8+ Kf7 45. Rxb8 Nxa2 46. Rh8
Qg4 47. Rxh5 Qxd4 48. Rf5+ Ke6 0-1

[Event "SK Dülmen 1 - SC Rochade Emsdetten 2"]
[Site "Verbandsliga 2018/2019"]
[Date "2018.11.03"]
[Round "3.3"]
[White "Wissing, Philipp"]
[Black "Nolting, Bodo"]
[Result "1/2-1/2"]
[WhiteElo "1775"]
[BlackElo "1751"]
[PlyCount "28"]
[EventDate "2018.??.??"]
[SourceDate "2018.09.09"]

1. e4 e5 2. Nf3 Nf6 3. Nc3 Nc6 4. Bb5 Nd4 5. Ba4 Bc5 6. d3 Qe7 7. Nxd4 Bxd4 8.
Ne2 Bb6 9. Ng3 O-O 10. Nf5 Qd8 11. Qf3 d5 12. O-O dxe4 13. dxe4 Bxf5 14. exf5
Qd4 1/2-1/2

[Event "SK Dülmen 1 - SC Rochade Emsdetten 2"]
[Site "Verbandsliga 2018/2019"]
[Date "2018.11.03"]
[Round "3.4"]
[White "Rebber, Christian"]
[Black "Nöring, Andreas"]
[Result "1/2-1/2"]
[WhiteElo "1842"]
[BlackElo "1829"]
[PlyCount "53"]
[EventDate "2018.??.??"]
[SourceDate "2018.09.09"]

1. b4 c6 2. Bb2 Qb6 3. a3 a5 4. c4 axb4 5. c5 Qc7 6. axb4 Rxa1 7. Bxa1 d5 8. e3
Nf6 9. Nf3 Bg4 10. Be2 Nbd7 11. d4 g6 12. O-O Bg7 13. Nbd2 O-O 14. h3 Bf5 15.
Qb3 Ne4 16. Nxe4 Bxe4 17. Nd2 Bf5 18. b5 Ra8 19. Bb2 e5 20. Rc1 exd4 21. exd4
Bh6 22. Rd1 Bg7 23. Nf3 h6 24. Re1 Re8 25. Bd3 Rxe1+ 26. Nxe1 Bxd3 27. Nxd3
1/2-1/2

[Event "SK Dülmen 1 - SC Rochade Emsdetten 2"]
[Site "Verbandsliga 2018/2019"]
[Date "2018.11.03"]
[Round "3.5"]
[White "Teschler, Ansgar"]
[Black "Lödding, Detlef"]
[Result "0-1"]
[WhiteElo "1780"]
[BlackElo "1869"]
[PlyCount "60"]
[EventDate "2018.??.??"]
[SourceDate "2018.09.09"]

1. Nf3 c5 2. e4 Nc6 3. Bb5 e6 4. Bxc6 bxc6 5. d3 d5 6. O-O Nf6 7. Nbd2 Be7 8.
Re1 a5 9. a4 Ba6 10. b3 Rb8 11. e5 Nd7 12. Qe2 g5 13. h3 h5 14. Nh2 Rb4 15.
Ndf1 Re4 16. Qd2 Rxe5 17. Bb2 d4 18. Nf3 Rd5 19. Re2 g4 20. hxg4 hxg4 21. N3h2
Bd6 22. g3 Nf6 23. Rae1 Kd7 24. Bc1 Rdh5 25. f3 Rg8 26. Kg2 Qc7 27. f4 Bb7 28.
Qd1 c4 29. dxc4 c5+ 30. Kf2 Qc6 0-1

[Event "SK Dülmen 1 - SC Rochade Emsdetten 2"]
[Site "Verbandsliga 2018/2019"]
[Date "2018.11.03"]
[Round "3.6"]
[White "Liebing, Ingo"]
[Black "Bilecen, Simon"]
[Result "0-1"]
[WhiteElo "1749"]
[BlackElo "1700"]
[PlyCount "54"]
[EventDate "2018.??.??"]
[SourceDate "2018.09.09"]

1. c4 Nf6 2. g3 g6 3. Bg2 Bg7 4. Nc3 c5 5. a3 Nc6 6. Rb1 O-O 7. b4 cxb4 8. axb4
d6 9. e3 Rb8 10. Nge2 Be6 11. d3 Qd7 12. Nf4 Nh5 13. Ncd5 Nxf4 14. exf4 Bg4 15.
f3 Be6 16. Bb2 Nd4 17. Ne3 b5 18. Nd5 Bxd5 19. cxd5 Rfc8 20. Rc1 Nxf3+ 21. Qxf3
Bxb2 22. Rb1 Bc3+ 23. Ke2 Rc7 24. Qe3 a5 25. bxa5 Bxa5 26. Rhc1 Bc3 27. d4 b4
0-1

[Event "SK Dülmen 1 - SC Rochade Emsdetten 2"]
[Site "Verbandsliga 2018/2019"]
[Date "2018.11.03"]
[Round "3.7"]
[White "Hedwig, Johannes"]
[Black "Tecklenborg, Georg"]
[Result "1/2-1/2"]
[WhiteElo "1790"]
[BlackElo "1782"]
[PlyCount "37"]
[EventDate "2018.??.??"]
[SourceDate "2018.09.09"]

1. e4 c5 2. Nf3 e6 3. d4 cxd4 4. Nxd4 a6 5. Bd3 Qc7 6. Qe2 b5 7. Be3 Nf6 8. a4
b4 9. Nd2 Bb7 10. f3 d5 11. Bf2 Bd6 12. g3 Nbd7 13. exd5 Nxd5 14. Nf5 Be5 15.
Nd4 O-O 16. O-O Nc5 17. Rfc1 Bf6 18. Ne4 Nxd3 19. Nxf6+ 1/2-1/2

[Event "SK Dülmen 1 - SC Rochade Emsdetten 2"]
[Site "Verbandsliga 2018/2019"]
[Date "2018.11.03"]
[Round "3.8"]
[White "Schlütermann, Philipp"]
[Black "Hemmers, Dieter"]
[Result "0-1"]
[WhiteElo "1842"]
[BlackElo "1784"]
[PlyCount "92"]
[EventDate "2018.??.??"]
[SourceDate "2018.09.09"]

1. c4 c5 2. Nc3 Nc6 3. d3 g6 4. g3 Bg7 5. Bg2 Nf6 6. e4 d6 7. Nge2 O-O 8. O-O
Rb8 9. a4 e6 10. Bg5 h6 11. Bd2 Nb4 12. Be3 Ng4 13. d4 Nxe3 14. fxe3 h5 15. Kh1
Nc6 16. b3 a6 17. d5 exd5 18. exd5 Ne5 19. Rb1 Qe7 20. e4 Bd7 21. Qc2 Ng4 22.
Nd1 b5 23. h3 Ne5 24. cxb5 axb5 25. Ne3 Ra8 26. Nc3 Qg5 27. Qf2 bxa4 28. bxa4
Bxa4 29. h4 Qe7 30. Qe2 Qc7 31. Nc4 Rfb8 32. Nxe5 Rxb1 33. Rxb1 Bxe5 34. Nxa4
Rxa4 35. Qb5 Ra8 36. Rb3 c4 37. Rb1 c3 38. Rc1 Bxg3 39. Qd3 Be5 40. Rc2 Qe7 41.
Qh3 Qf6 42. Bf3 Rb8 43. Kg2 Rb2 44. Bd1 Qf4 45. Rxb2 cxb2 46. Qc8+ Kg7 0-1